Chamupupuri : (Record no. 5907)
[ view plain ]
| 000 -LEADER | |
|---|---|
| fixed length control field | 00835cam a22002897a 4500 |
| 001 - CONTROL NUMBER | |
| control field | 2577299 |
| 003 - CONTROL NUMBER IDENTIFIER | |
| control field | GZU |
| 005 - DATE AND TIME OF LATEST TRANSACTION | |
| control field | 20210414100120.0 |
| 008 - FIXED-LENGTH DATA ELEMENTS--GENERAL INFORMATION | |
| fixed length control field | 960229s1994 rh a 000 0 sna |
| 010 ## - LIBRARY OF CONGRESS CONTROL NUMBER | |
| LC control number | 95981821 |
| 020 ## - INTERNATIONAL STANDARD BOOK NUMBER | |
| International Standard Book Number | 1779001452 |
| 040 ## - CATALOGING SOURCE | |
| Original cataloging agency | DLC |
| Transcribing agency | DLC |
| Modifying agency | DLC |
| 042 ## - AUTHENTICATION CODE | |
| Authentication code | lcode |
| 050 00 - LIBRARY OF CONGRESS CALL NUMBER | |
| Classification number | PL8745 CHI 1996 |
| 100 1# - MAIN ENTRY--PERSONAL NAME | |
| Personal name | Chirikure, Chirikure, |
| Dates associated with a name | 1962- |
| 245 10 - TITLE STATEMENT | |
| Title | Chamupupuri : |
| Remainder of title | muunganidzwa wenhetembo / |
| Statement of responsibility, etc. | Chirikure Chirikure. |
| 260 ## - PUBLICATION, DISTRIBUTION, ETC. | |
| Place of publication, distribution, etc. | Harare : |
| Name of publisher, distributor, etc. | College Press, |
| Date of publication, distribution, etc. | 1994. |
| 300 ## - PHYSICAL DESCRIPTION | |
| Extent | 92 p. : |
| Other physical details | ill. ; |
| Dimensions | 22 cm. |
| 490 1# - SERIES STATEMENT | |
| Series statement | Poetry series |
| 500 ## - GENERAL NOTE | |
| General note | Shona |
| 546 ## - LANGUAGE NOTE | |
| Language note | In Shona. |
| 600 ## - SUBJECT ADDED ENTRY--PERSONAL NAME | |
| Source of heading or term | Shona literature |
| 830 #0 - SERIES ADDED ENTRY--UNIFORM TITLE | |
| Uniform title | Poetry series (Harare, Zimbabwe) |
| 906 ## - LOCAL DATA ELEMENT F, LDF (RLIN) | |
| a | 7 |
| b | cbc |
| c | origode |
| d | 4 |
| e | ncip |
| f | 19 |
| g | y-gencatlg |
| 942 ## - ADDED ENTRY ELEMENTS (KOHA) | |
| Source of classification or shelving scheme | Library of Congress Classification |
| Koha item type | Books |
| Classification part | 8745 |
| Item part | CHI |
| Call number prefix | PL |
| Withdrawn status | Lost status | Damaged status | Not for loan | Collection code | Home library | Current library | Date acquired | Total Checkouts | Full call number | Barcode | Date last seen | Date last checked out | Copy number | Price effective from | Koha item type |
|---|---|---|---|---|---|---|---|---|---|---|---|---|---|---|---|
| Fiction | City Campus Library | City Campus Library | 04/14/2021 | 2 | PL8745 CHI 1996 | 009523 | 08/26/2024 | 08/19/2024 | c.1 | 04/14/2021 | Books |